Welcome to the Holygrace Academy Library

Please use search bar below to get started

THE LITTLE PRINCE (Record no. 2904)

MARC details
000 -LEADER
fixed length control field 00407nam a22001577a 4500
020 ## - INTERNATIONAL STANDARD BOOK NUMBER
ISBN 978-93-50339-04-6
082 ## - DEWEY DECIMAL CLASSIFICATION NUMBER
Classification number 823
Item number SAI/L
100 ## - MAIN ENTRY--AUTHOR NAME
Personal name SAINT-EXUPERY, ANTOINE DE
245 ## - TITLE STATEMENT
Title THE LITTLE PRINCE
Remainder of title SHORT STORY
246 ## - VARYING FORM OF TITLE
Title proper/short title THE LITTLE PRINCE
Remainder of title SHORT STORY
260 ## - PUBLICATION, DISTRIBUTION, ETC. (IMPRINT)
Place of publication NOIDA
Name of publisher MAPLE PRESS PRIVATE LIMITED
Year of publication 2018
300 ## - PHYSICAL DESCRIPTION
Number of Pages 96
520 ## - SUMMARY, ETC.
Summary, etc MAPLE CLASSICS
650 ## - SUBJECT ADDED ENTRY--TOPICAL TERM
Topical Term MAPLE CLASSICS
942 ## - ADDED ENTRY ELEMENTS (KOHA)
Koha item type Books
Holdings
Withdrawn status Lost status Collection code Home library Current library Shelving location Date acquired Source of acquisition Cost, normal purchase price Full call number Accession Number Koha item type
    Fiction Main Library Main Library SHELF 4-F ENGLISH CLASSICS 16/07/2019 Purchase 95.00 823 SAI/L 11230 Books